000 00575cas a22001814i 4500
999 _c62938
_d62938
001 768714001
003 CO-MdFUSB
005 20180505082931.0
008 180505s2009 cr ||||| |||| 00| 0 spa d
040 _aCO-MdFUSB
_bspa
_cCO-MdFUSB
_dCO-MdFUSB
041 _aspa
100 1 _aSimpson, Charles
_eautor
245 1 0 _aFe más allá de la ofensa
300 _aVolumen 8. Número 6 (2009), páginas 82 - 84
_c: 28 cm.
650 1 4 _aVERDAD (TEOLOGIA)
773 0 _tConquista Cristiana
_049446
_960250
_gVolumen 8. Número 6 (2009), páginas 82 - 84
_qpágina 82
942 _cANA